000 00629nam a2200241Ia 4500
003 OSt
005 20221007072540.0
006 a|||||r|||| 00| 0
007 ta
008 221006b |||||||| |||| 00| 0 eng d
024 _a26,127
037 _cTextual
040 _aFLL
_cFLL
_beng
041 _2eng
_aeng
082 _aZ3:888, K3
100 _aWalton Raymond
_9690919
245 0 _aLaw and practice as to receivers
250 _a13th
260 _aLondon
_bSweet & Maxwell London
_c1963
300 _alvi,1-386p
_ccm.
942 _hZ3:888, K3
_cTEXL
_2CC
999 _c1146390
_d1146390